Normal view
MARC view
- Schwartz, Melvin
Entry Personal Name
001 - CONTROL NUMBER
- control field: 104912
003 - CONTROL NUMBER IDENTIFIER
- control field: NUST
005 - DATE AND TIME OF LATEST TRANSACTION
- control field: 20221215103436.0
008 - FIXED-LENGTH DATA ELEMENTS
- fixed length control field: 221215|| aca||aabn | a|a d
040 ## - CATALOGING SOURCE
- Original cataloging agency: NUST
- Transcribing agency: NUST
100 ## - HEADING--PERSONAL NAME
- Personal name: Schwartz, Melvin
670 ## - SOURCE DATA FOUND
- Source citation: Work cat.: (NUST)184291: Schwartz, Melvin,, Principles of electrodynamics /, 1987, c1972.
